Design of equilibrium stage processes (Record no. 13251)

000 -LEADER
fixed length control field 00589nam a22002171 4500
001 - CONTROL NUMBER
control field 13251
003 - CONTROL NUMBER IDENTIFIER
control field BD-DhUET
008 - FIXED-LENGTH DATA ELEMENTS--GENERAL INFORMATION
fixed length control field 740517s1963 nyua b 000 0 eng
020 ## - INTERNATIONAL STANDARD BOOK NUMBER
International Standard Book Number 070586373
040 ## - CATALOGING SOURCE
Original cataloging agency DLC
Transcribing agency OAkU
Modifying agency BD-DhUET
082 ## - DEWEY DECIMAL CLASSIFICATION NUMBER
Classification number 660.28422
Item number SMI/1963
100 1# - MAIN ENTRY--PERSONAL NAME
Personal name Smith, Buford D.
245 10 - TITLE STATEMENT
Title Design of equilibrium stage processes
250 ## - EDITION STATEMENT
Edition statement 1st ed.
260 ## - PUBLICATION, DISTRIBUTION, ETC. (IMPRINT)
Place of publication, distribution, etc. New York
Name of publisher, distributor, etc. McGraw-Hill
Date of publication, distribution, etc. 1963
300 ## - PHYSICAL DESCRIPTION
Extent 647 p.
Other physical details ill.
Dimensions 24 cm.
490 ## - SERIES STATEMENT
Series statement McGraw-Hill chemical engineering series
504 ## - BIBLIOGRAPHY, ETC. NOTE
Bibliography, etc Includes bibliographies
650 #0 - SUBJECT ADDED ENTRY--TOPICAL TERM
Topical term or geographic name as entry element Chemical equilibrium
942 ## - ADDED ENTRY ELEMENTS (KOHA)
Koha item type General Book
Holdings
Source of classification or shelving scheme Shelving location Koha normalized classification for sorting Piece designation (barcode) Price effective from Damaged status Withdrawn status Date acquired Location (home branch) Koha item type Lost status Copy number Sublocation or collection (holding branch) Koha full call number Koha date last seen Not for loan
 Circulation section660_284220000000000_SMI_1963349542015-03-02  2015-03-02Central Library, BUETGeneral Book 1Central Library, BUET660.28422/SMI/19632015-03-02 
 Circulation section660_284220000000000_SMI_1963298452015-03-03  2015-03-03Central Library, BUETGeneral Book 2Central Library, BUET660.28422/SMI/19632015-03-03 
 Circulation section660_284220000000000_SMI_1963298412015-03-03  2015-03-03Central Library, BUETGeneral Book 3Central Library, BUET660.28422/SMI/19632015-03-03 
 Circulation section660_284220000000000_SMI_1963298472015-03-03  2015-03-03Central Library, BUETGeneral Book 4Central Library, BUET660.28422/SMI/19632015-03-03 
 Circulation section660_284220000000000_SMI_1963298532015-03-03  2015-03-03Central Library, BUETGeneral Book 5Central Library, BUET660.28422/SMI/19632015-03-03 
 Circulation section660_284220000000000_SMI_1963298432015-03-03  2015-03-03Central Library, BUETGeneral Book 6Central Library, BUET660.28422/SMI/19632015-03-03 
 Circulation section660_284220000000000_SMI_1963298442015-03-03  2015-03-03Central Library, BUETGeneral Book 7Central Library, BUET660.28422/SMI/19632015-03-03 
 Circulation section660_284220000000000_SMI_1963298402015-03-03  2015-03-03Central Library, BUETGeneral Book 8Central Library, BUET660.28422/SMI/19632015-03-03 
 Circulation section660_284220000000000_SMI_1963349552015-03-03  2015-03-03Central Library, BUETGeneral Book 9Central Library, BUET660.28422/SMI/19632015-03-03 
 Circulation section660_284220000000000_SMI_1963114772015-05-11  2015-05-11Central Library, BUETGeneral Book 10Central Library, BUET660.28422/SMI/19632015-05-11 
 Circulation section660_284220000000000_SMI_1963298462015-05-11  2015-05-11Central Library, BUETGeneral Book 11Central Library, BUET660.28422/SMI/19632015-05-11 
 Circulation section660_284220000000000_SMI_1963349532015-05-11  2015-05-11Central Library, BUETGeneral Book 12Central Library, BUET660.28422/SMI/19632015-05-11 
 Circulation section660_284220000000000_SMI_1963188362015-05-11  2015-05-11Central Library, BUETGeneral Book 13Central Library, BUET660.28422/SMI/19632015-05-11 
 Circulation section660_284220000000000_SMI_1963298542015-05-11  2015-05-11Central Library, BUETGeneral Book 14Central Library, BUET660.28422/SMI/19632015-05-11 
 Circulation section660_284220000000000_SMI_1963298562015-05-11  2015-05-11Central Library, BUETGeneral Book 15Central Library, BUET660.28422/SMI/19632015-05-11 
 Circulation section660_284220000000000_SMI_1963298482015-05-19  2015-05-19Central Library, BUETGeneral Book 16Central Library, BUET660.28422/SMI/19632015-05-19 
 Reading section660_284220000000000_SMI_196364492015-06-18  2015-06-18Central Library, BUETReading Item 17Central Library, BUET660.28422/SMI/19632015-06-18